01372nas a2200241Ia 4500001001100000003001000011008004100021040002500062041001300087100002500100210003300125222003300158245011000191250001100301260004500312300001100357310001700368362002800385500028700413501011400700520028700814650002901101R232-R2135IT-CnALBA170116c99999999xx |||||||||||| ||und|| aIT-CnALBAcIT-CnALBA aITALIANO aGRASSO DOMENICO, SJ. aIL MESSAGGIO DEL SACRO CUORE aIL MESSAGGIO DEL SACRO CUORE 0aIL MESSAGGIO DEL SACRO CUORE. N. XXIII. DICEMBRE 1982. ORGANO UFFICIALE DELL'APOSTOLATO DELLA PREGHIERA.  a1a ed. a ROMAbMESSAGGERO DEL SACRO CUORE c1982 a96 p.  aQUINDICINALE aFascicolo: 23 / (1982) aINTENZIONI DEL PAPA. GIORNATA DELLA PACE, DIALOGO. SALVEZZA. PAROLE DI VITA, LITURGIA. NARDELLI A. NOVENA DI NATALE. INCONTRO MENSILE. VITA DEI GRUPPI. PREPARAZIONE AL CONGRESSO EUCARISTICO DI MILANO. TESTIMONIANZE E INCONTRI. INIZIATIVE PER NUOVI ANIMATORI E ANIMATRICI. CONVEGNI.  aSocietà San Paolo EM - Piazza San Paolo, 14 - 12051 ALBA (CN) (non commercial uses only) ® Copyright 2017 aINTENZIONI DEL PAPA. GIORNATA DELLA PACE, DIALOGO. SALVEZZA. PAROLE DI VITA, LITURGIA. NARDELLI A. NOVENA DI NATALE. INCONTRO MENSILE. VITA DEI GRUPPI. PREPARAZIONE AL CONGRESSO EUCARISTICO DI MILANO. TESTIMONIANZE E INCONTRI. INIZIATIVE PER NUOVI ANIMATORI E ANIMATRICI. CONVEGNI.  aVITA E MISTERO DI CRISTO